00358 a2200085 450000500170000010000170001724501760003425000080021026000540021820260327143143.0 aBahulkar S.  aआधुनिक महाराष्ट्राची जडणघडण शिल्पकार चरित्रकोश खंड ६ : दृश्यकला a1st bSaptahik Vivek Hindusthan Prakashan Samsthac2013